[Event "Summer Prague Open 2022 - A"]
[Site "Olympik hotel, Sokolovska 138, Praha"]
[Date "2022.08.10"]
[Round "7"]
[Board "21"]
[White "Vecera, Dominik"]
[Black "Shehzad, Shazil"]
[Result "1/2-1/2"]
[WhiteElo "2074"]
[BlackElo "2222"]
[PlyCount "0"]
[EventDate "2022.08.05"]
[EventRounds "9"]
[EventCountry "CZE"]

1. e4 {[%clk 1:30:45]} e5 {[%clk 1:30:20]} 2. Nf3 {[%clk 1:31:08]} Nc6
{[%clk 1:30:35]} 3. d4 {[%clk 1:30:59]} exd4 {[%clk 1:30:31]} 4. Bc4
{[%clk 1:31:19]} Nf6 {[%clk 1:30:45]} 5. e5 {[%clk 1:31:15]} d5 {[%clk 1:30:45]}
6. Bb5 {[%clk 1:31:37]} Nd7 {[%clk 1:31:09]} 7. O-O {[%clk 1:30:43]} Be7
{[%clk 1:30:32]} 8. Bxc6 {[%clk 1:26:18]} bxc6 {[%clk 1:30:55]} 9. Nxd4
{[%clk 1:26:39]} Nb8 {[%clk 1:31:21]} 10. c4 {[%clk 1:24:43]} O-O
{[%clk 1:31:39]} 11. Nc3 {[%clk 1:18:40]} dxc4 {[%clk 1:28:18]} 12. Be3
{[%clk 1:12:54]} c5 {[%clk 1:25:32]} 13. Ndb5 {[%clk 1:07:38]} Nc6
{[%clk 1:25:26]} 14. Qd5 {[%clk 0:56:38]} Bb7 {[%clk 1:17:29]} 15. Rfd1
{[%clk 0:48:51]} Qc8 {[%clk 1:13:09]} 16. Qd7 {[%clk 0:34:59]} Rd8
{[%clk 0:57:22]} 17. Qxc7 {[%clk 0:33:52]} Qxc7 {[%clk 0:55:14]} 18. Nxc7
{[%clk 0:34:19]} Rab8 {[%clk 0:53:07]} 19. N7d5 {[%clk 0:24:59]} Bf8
{[%clk 0:52:01]} 20. Bf4 {[%clk 0:25:01]} Nb4 {[%clk 0:36:20]} 21. e6
{[%clk 0:11:44]} fxe6 {[%clk 0:35:29]} 22. Nxb4 {[%clk 0:10:48]} cxb4
{[%clk 0:35:37]} 23. Bxb8 {[%clk 0:11:14]} Rxb8 {[%clk 0:35:52]} 24. Ne2
{[%clk 0:11:11]} g5 {[%clk 0:36:12]} 25. Rac1 {[%clk 0:07:02]} Bd5
{[%clk 0:35:08]} 26. Nd4 {[%clk 0:06:20]} Bg7 {[%clk 0:34:36]} 27. f3
{[%clk 0:06:29]} a6 {[%clk 0:29:19]} 28. Rc2 {[%clk 0:03:25]} Rf8
{[%clk 0:27:49]} 29. h3 {[%clk 0:02:24]} h5 {[%clk 0:27:55]} 30. Rcc1
{[%clk 0:00:40]} g4 {[%clk 0:25:55]} 31. hxg4 {[%clk 0:01:05]} hxg4
{[%clk 0:26:14]} 32. fxg4 {[%clk 0:01:07]} Rf4 {[%clk 0:26:25]} 33. Nf5
{[%clk 0:01:23]} Bf8 {[%clk 0:26:36]} 34. g3 {[%clk 0:00:36]} Bc5+
{[%clk 0:25:58]} 35. Kh2 {[%clk 0:01:05]} Rf2+ {[%clk 0:25:58]} 36. Kh3
{[%clk 0:01:28]} Rxb2 {[%clk 0:25:44]} 37. Nh6+ {[%clk 0:01:10]} Kg7
{[%clk 0:25:18]} 38. g5 {[%clk 0:01:39]} Be3 {[%clk 0:24:55]} 39. Kg4
{[%clk 0:00:57]} Bxc1 {[%clk 0:25:10]} 40. Rf1 {[%clk 0:00:58]} e5
{[%clk 0:22:20]} 41. Rf6 {[%clk 0:01:27]} Rh2 {[%clk 0:17:19]} 42. Nf5+
{[%clk 0:01:26]} Kh8 {[%clk 0:17:00]} 43. g6 {[%clk 0:01:10]} b3 {[%clk 0:19:15]}
44. Rf8+ {[%clk 0:19:56]} Bg8 {[%clk 0:19:25]} 45. Ne7 {[%clk 0:20:19]} Kg7
{[%clk 0:19:33]} 46. Rxg8+ {[%clk 0:20:35]} Kf6 {[%clk 0:19:58]} 47. Rf8+
{[%clk 0:15:23]} Kxe7 {[%clk 0:18:34]} 48. g7 {[%clk 0:15:52]} Bh6
{[%clk 0:17:10]} 49. g8=Q {[%clk 0:14:36]} Bxf8 {[%clk 0:17:36]} 50. axb3
{[%clk 0:14:08]} c3 {[%clk 0:14:52]} 51. Qg5+ {[%clk 0:12:03]} Kf7
{[%clk 0:15:01]} 52. Qf5+ {[%clk 0:07:07]} Kg8 {[%clk 0:15:18]} 53. Qe6+
{[%clk 0:07:23]} Kh7 {[%clk 0:15:07]} 54. Qd7+ {[%clk 0:03:43]} Kg8
{[%clk 0:14:18]} 55. Qe6+ {[%clk 0:02:03]} Kh7 {[%clk 0:14:39]} 56. Qf7+
{[%clk 0:01:22]} Bg7 {[%clk 0:14:59]} 57. Qf5+ {[%clk 0:01:48]} Kh6
{[%clk 0:15:11]} 58. Qg5+ {[%clk 0:01:05]} Kh7 {[%clk 0:15:35]} 59. Qf5+
{[%clk 0:01:17]} Kh6 {[%clk 0:16:00]} 60. Qe6+ {[%clk 0:01:45]} Kh7
{[%clk 0:16:23]} 61. Qf5+ {[%clk 0:00:58]} Kh6 {[%clk 0:16:02]} 62. Qg5+
{[%clk 0:00:42]}  1/2-1/2

[Event "Summer Prague Open 2022 - A"]
[Site "Olympik hotel, Sokolovska 138, Praha"]
[Date "2022.08.10"]
[Round "7"]
[Board "22"]
[White "Gloser, David"]
[Black "Salem, Ahmed Salem"]
[Result "1-0"]
[WhiteElo "2221"]
[BlackElo "2056"]
[PlyCount "0"]
[EventDate "2022.08.05"]
[EventRounds "9"]
[EventCountry "CZE"]

1. e4 {[%clk 1:30:59]} c5 {[%clk 1:27:12]} 2. Nc3 {[%clk 1:31:22]} Nc6
{[%clk 1:27:30]} 3. Nge2 {[%clk 1:31:47]} e6 {[%clk 1:27:02]} 4. d4
{[%clk 1:31:59]} cxd4 {[%clk 1:27:16]} 5. Nxd4 {[%clk 1:32:23]} Qc7
{[%clk 1:27:07]} 6. Be3 {[%clk 1:32:30]} a6 {[%clk 1:27:13]} 7. g4
{[%clk 1:32:51]} b5 {[%clk 1:13:22]} 8. Nxc6 {[%clk 1:32:08]} Qxc6
{[%clk 1:07:57]} 9. Qd2 {[%clk 1:31:54]} Nf6 {[%clk 0:59:21]} 10. f3
{[%clk 1:24:55]} Bb7 {[%clk 0:36:42]} 11. g5 {[%clk 1:19:49]} Nh5
{[%clk 0:37:01]} 12. Bh3 {[%clk 1:17:27]} Bc5 {[%clk 0:28:03]} 13. Bg4
{[%clk 1:13:19]} g6 {[%clk 0:26:29]} 14. O-O-O {[%clk 1:09:12]} Bxe3
{[%clk 0:26:14]} 15. Qxe3 {[%clk 1:09:27]} Rc8 {[%clk 0:19:52]} 16. Qd4
{[%clk 1:01:36]} Rg8 {[%clk 0:19:43]} 17. Rd2 {[%clk 0:59:03]} Ng7
{[%clk 0:14:57]} 18. Rhd1 {[%clk 0:54:32]} Rc7 {[%clk 0:14:49]} 19. Qe5
{[%clk 0:52:12]} Kd8 {[%clk 0:04:08]} 20. Rd6 {[%clk 0:46:22]} Qc4
{[%clk 0:04:20]} 21. Qf6+ {[%clk 0:45:22]} Ke8 {[%clk 0:01:15]} 22. Rxd7
{[%clk 0:43:46]} Rxd7 {[%clk 0:01:43]} 23. Rxd7 {[%clk 0:44:10]} Kxd7
{[%clk 0:02:08]} 24. Qxf7+ {[%clk 0:44:23]} Kd6 {[%clk 0:02:12]} 25. Qxg8
{[%clk 0:43:48]} Qf1+ {[%clk 0:01:49]} 26. Nd1 {[%clk 0:43:27]} Bxe4
{[%clk 0:00:40]} 27. Qxg7 {[%clk 0:42:40]}  1-0

[Event "Summer Prague Open 2022 - A"]
[Site "Olympik hotel, Sokolovska 138, Praha"]
[Date "2022.08.10"]
[Round "7"]
[Board "23"]
[White "Dauth, Benjamin"]
[Black "Carnot, Luca"]
[Result "1-0"]
[WhiteElo "2209"]
[BlackElo "2035"]
[PlyCount "0"]
[EventDate "2022.08.05"]
[EventRounds "9"]
[EventCountry "CZE"]

1. e4 {[%clk 1:30:55]} c5 {[%clk 1:30:56]} 2. Nf3 {[%clk 1:31:14]} Nc6
{[%clk 1:31:22]} 3. d4 {[%clk 1:31:36]} cxd4 {[%clk 1:31:47]} 4. Nxd4
{[%clk 1:32:02]} g6 {[%clk 1:31:39]} 5. Nxc6 {[%clk 1:31:05]} bxc6
{[%clk 1:32:03]} 6. Bd3 {[%clk 1:31:30]} Bg7 {[%clk 1:31:47]} 7. O-O
{[%clk 1:31:53]} Nf6 {[%clk 1:31:04]} 8. Nc3 {[%clk 1:31:08]} O-O
{[%clk 1:29:49]} 9. Qe2 {[%clk 1:31:11]} Qc7 {[%clk 1:28:58]} 10. Bd2
{[%clk 1:30:56]} d6 {[%clk 1:28:44]} 11. Rae1 {[%clk 1:30:47]} Nd7
{[%clk 1:22:31]} 12. Nd1 {[%clk 1:29:39]} Nc5 {[%clk 1:21:36]} 13. Bc3
{[%clk 1:29:59]} e5 {[%clk 1:19:43]} 14. f4 {[%clk 1:26:19]} exf4
{[%clk 1:18:06]} 15. Bxg7 {[%clk 1:26:27]} Kxg7 {[%clk 1:18:34]} 16. Rxf4
{[%clk 1:26:34]} Nd7 {[%clk 1:17:07]} 17. b3 {[%clk 1:23:42]} Ne5
{[%clk 1:17:25]} 18. Ne3 {[%clk 1:23:51]} Be6 {[%clk 1:14:29]} 19. Ref1
{[%clk 1:12:07]} Qb6 {[%clk 1:13:05]} 20. Kh1 {[%clk 1:12:14]} Rae8
{[%clk 1:02:09]} 21. Nf5+ {[%clk 0:59:22]} gxf5 {[%clk 0:58:27]} 22. exf5
{[%clk 0:58:29]} Bd5 {[%clk 0:50:15]} 23. f6+ {[%clk 0:54:47]} Kh8
{[%clk 0:48:50]} 24. Rh4 {[%clk 0:52:46]} Nf3 {[%clk 0:28:00]} 25. Rxh7+
{[%clk 0:52:57]} Kg8 {[%clk 0:28:29]} 26. Rg7+ {[%clk 0:53:11]} Kh8
{[%clk 0:28:59]} 27. Qd1 {[%clk 0:25:08]} Qe3 {[%clk 0:25:03]} 28. Rh7+
{[%clk 0:24:40]} Kg8 {[%clk 0:24:00]} 29. gxf3 {[%clk 0:24:54]} Re5
{[%clk 0:23:42]} 30. Rg1+ {[%clk 0:25:00]}  1-0

[Event "Summer Prague Open 2022 - A"]
[Site "Olympik hotel, Sokolovska 138, Praha"]
[Date "2022.08.10"]
[Round "7"]
[Board "24"]
[White "Prilleltensky, Matan"]
[Black "Shamian, Artur"]
[Result "1-0"]
[WhiteElo "2191"]
[BlackElo "2000"]
[PlyCount "0"]
[EventDate "2022.08.05"]
[EventRounds "9"]
[EventCountry "CZE"]

1. d4 {[%clk 1:30:57]} Nf6 {[%clk 1:10:34]} 2. c4 {[%clk 1:31:20]} e6
{[%clk 1:11:00]} 3. Nc3 {[%clk 1:31:40]} Bb4 {[%clk 1:11:25]} 4. a3
{[%clk 1:32:03]} Bxc3+ {[%clk 1:11:44]} 5. bxc3 {[%clk 1:32:28]} b6
{[%clk 1:11:42]} 6. f3 {[%clk 1:32:47]} h6 {[%clk 1:09:54]} 7. e4
{[%clk 1:32:42]} d6 {[%clk 1:03:54]} 8. Bd3 {[%clk 1:32:48]} O-O {[%clk 1:01:27]}
9. Nh3 {[%clk 1:29:01]} Nc6 {[%clk 0:57:25]} 10. Be3 {[%clk 1:27:52]} e5
{[%clk 0:52:50]} 11. Nf2 {[%clk 1:27:27]} Ba6 {[%clk 0:49:18]} 12. O-O
{[%clk 1:23:57]} Na5 {[%clk 0:47:59]} 13. Qe2 {[%clk 1:22:42]} c5
{[%clk 0:47:27]} 14. d5 {[%clk 1:20:19]} Qd7 {[%clk 0:28:29]} 15. a4
{[%clk 1:20:12]} Rae8 {[%clk 0:25:44]} 16. Nd1 {[%clk 1:17:58]} Qe7
{[%clk 0:24:20]} 17. Ra3 {[%clk 1:12:55]} Nh5 {[%clk 0:21:12]} 18. g3
{[%clk 1:12:20]} Bc8 {[%clk 0:17:13]} 19. Qc2 {[%clk 1:03:12]} Ba6
{[%clk 0:14:29]} 20. Qe2 {[%clk 1:01:54]} Bc8 {[%clk 0:14:32]} 21. Qc2
{[%clk 0:54:11]} Ba6 {[%clk 0:14:46]} 22. Nb2 {[%clk 0:53:43]} f5
{[%clk 0:06:57]} 23. exf5 {[%clk 0:50:43]} Nf6 {[%clk 0:07:11]} 24. Raa1
{[%clk 0:49:37]} e4 {[%clk 0:05:02]} 25. fxe4 {[%clk 0:49:17]} Ng4
{[%clk 0:03:26]} 26. Bf4 {[%clk 0:44:41]} Ne5 {[%clk 0:03:27]} 27. Rae1
{[%clk 0:37:26]} Bxc4 {[%clk 0:00:36]} 28. Bxe5 {[%clk 0:34:45]} Bxd3
{[%clk 0:01:04]} 29. Nxd3 {[%clk 0:34:15]} dxe5 {[%clk 0:01:32]} 30. c4
{[%clk 0:30:15]} Nb7 {[%clk 0:01:17]} 31. Nf2 {[%clk 0:28:45]} Nd6
{[%clk 0:01:22]} 32. a5 {[%clk 0:25:02]} Qc7 {[%clk 0:00:44]} 33. axb6
{[%clk 0:25:09]} axb6 {[%clk 0:01:00]} 34. Ra1 {[%clk 0:21:52]} Ra8
{[%clk 0:00:32]} 35. Rxa8 {[%clk 0:21:42]} Rxa8 {[%clk 0:01:01]} 36. f6
{[%clk 0:21:41]} Rf8 {[%clk 0:00:35]} 37. Ng4 {[%clk 0:18:36]} Ne8
{[%clk 0:00:59]} 38. fxg7 {[%clk 0:14:34]} Rxf1+ {[%clk 0:01:23]} 39. Kxf1
{[%clk 0:14:59]} Qxg7 {[%clk 0:01:28]} 40. Ne3 {[%clk 0:08:37]} Nd6
{[%clk 0:01:37]} 41. Nf5 {[%clk 0:06:23]} Nxf5 {[%clk 0:27:07]} 42. exf5
{[%clk 0:36:47]} Qg4 {[%clk 0:27:22]} 43. Kg2 {[%clk 0:24:53]} Qd4
{[%clk 0:20:09]} 44. Kf3 {[%clk 0:23:20]} Kf7 {[%clk 0:17:16]} 45. Qe4
{[%clk 0:21:54]} Qd1+ {[%clk 0:13:15]} 46. Kg2 {[%clk 0:14:02]} Qd2+
{[%clk 0:02:57]} 47. Kh3 {[%clk 0:13:49]} Kf6 {[%clk 0:02:16]} 48. Qg4
{[%clk 0:10:43]} e4 {[%clk 0:00:44]} 49. Qxe4 {[%clk 0:10:56]} Qf2
{[%clk 0:00:45]} 50. Qe6+ {[%clk 0:11:01]} Kg7 {[%clk 0:01:12]} 51. Qg6+
{[%clk 0:10:27]} Kf8 {[%clk 0:01:38]} 52. Qxh6+ {[%clk 0:10:33]} Ke8
{[%clk 0:01:56]} 53. Qe6+ {[%clk 0:10:19]} Kd8 {[%clk 0:01:52]} 54. d6  1-0

[Event "Summer Prague Open 2022 - A"]
[Site "Olympik hotel, Sokolovska 138, Praha"]
[Date "2022.08.11"]
[Round "8"]
[Board "1"]
[White "Cernousek, Lukas"]
[Black "Lutsko, Artem"]
[Result "0-1"]
[WhiteElo "2429"]
[BlackElo "2407"]
[PlyCount "0"]
[EventDate "2022.08.05"]
[EventRounds "9"]
[EventCountry "CZE"]

1. e4 {[%clk 1:30:57]} c5 {[%clk 1:30:57]} 2. Nf3 {[%clk 1:31:19]} d6
{[%clk 1:31:25]} 3. d4 {[%clk 1:31:37]} cxd4 {[%clk 1:31:51]} 4. Nxd4
{[%clk 1:32:00]} Nf6 {[%clk 1:32:18]} 5. Nc3 {[%clk 1:32:15]} a6 {[%clk 1:32:44]}
6. Be3 {[%clk 1:32:36]} e5 {[%clk 1:33:08]} 7. Nb3 {[%clk 1:32:56]} Be7
{[%clk 1:33:22]} 8. h3 {[%clk 1:30:48]} Be6 {[%clk 1:31:58]} 9. f4
{[%clk 1:31:01]} exf4 {[%clk 1:30:35]} 10. Bxf4 {[%clk 1:31:29]} Nc6
{[%clk 1:29:33]} 11. Qe2 {[%clk 1:31:41]} Qc7 {[%clk 1:21:59]} 12. O-O-O
{[%clk 1:06:19]} O-O {[%clk 1:21:30]} 13. g4 {[%clk 0:57:17]} g6 {[%clk 1:02:11]}
14. Kb1 {[%clk 0:37:42]} Ne5 {[%clk 0:57:43]} 15. Nd5 {[%clk 0:22:59]} Nxd5
{[%clk 0:55:16]} 16. exd5 {[%clk 0:23:25]} Bd7 {[%clk 0:55:41]} 17. g5
{[%clk 0:16:21]} Rfe8 {[%clk 0:52:03]} 18. Nd4 {[%clk 0:09:16]} Bf8
{[%clk 0:52:11]} 19. Bg2 {[%clk 0:08:09]} Bg7 {[%clk 0:49:03]} 20. b3
{[%clk 0:06:22]} a5 {[%clk 0:42:18]} 21. Bc1 {[%clk 0:01:07]} a4 {[%clk 0:41:33]}
22. Qd2 {[%clk 0:01:18]} Qb6 {[%clk 0:39:54]} 23. Bb2 {[%clk 0:00:37]} Nc4
{[%clk 0:39:53]} 24. bxc4 {[%clk 0:00:43]} a3 {[%clk 0:40:21]} 25. c3
{[%clk 0:00:57]} Bxd4 {[%clk 0:40:07]} 26. cxd4 {[%clk 0:01:22]} Bf5+
{[%clk 0:40:33]}  0-1

[Event "Summer Prague Open 2022 - A"]
[Site "Olympik hotel, Sokolovska 138, Praha"]
[Date "2022.08.11"]
[Round "8"]
[Board "2"]
[White "Zamengo, Fulvio"]
[Black "Mirzoev, Azer"]
[Result "1/2-1/2"]
[WhiteElo "2396"]
[BlackElo "2435"]
[PlyCount "0"]
[EventDate "2022.08.05"]
[EventRounds "9"]
[EventCountry "CZE"]

1. e4 {[%clk 1:30:44]} e6 {[%clk 1:30:11]} 2. d4 {[%clk 1:29:44]} d5
{[%clk 1:30:36]} 3. Nc3 {[%clk 1:30:08]} Bb4 {[%clk 1:30:11]} 4. e5
{[%clk 1:28:34]} c5 {[%clk 1:30:34]} 5. a3 {[%clk 1:28:59]} Ba5 {[%clk 1:30:55]}
6. b4 {[%clk 1:28:33]} cxd4 {[%clk 1:31:19]} 7. Nb5 {[%clk 1:28:57]} Bc7
{[%clk 1:31:28]} 8. f4 {[%clk 1:27:39]} Bd7 {[%clk 1:30:53]} 9. Nxc7+
{[%clk 1:27:42]} Qxc7 {[%clk 1:31:10]} 10. Nf3 {[%clk 1:24:33]} Ba4
{[%clk 1:29:36]} 11. Bb2 {[%clk 1:24:20]} Ne7 {[%clk 1:27:13]} 12. Bd3
{[%clk 1:11:38]} Nbc6 {[%clk 1:26:00]} 13. Qd2 {[%clk 1:04:17]} a6
{[%clk 1:23:40]} 14. Nxd4 {[%clk 1:03:29]} Nxd4 {[%clk 1:22:33]} 15. Bxd4
{[%clk 1:03:51]} O-O {[%clk 1:20:47]} 16. O-O {[%clk 1:02:49]} Bb5
{[%clk 1:20:56]} 17. a4 {[%clk 0:55:28]} Bxd3 {[%clk 1:19:30]} 18. cxd3
{[%clk 0:55:48]} Rfc8 {[%clk 1:19:30]} 19. Rfc1 {[%clk 0:47:10]} Qd7
{[%clk 1:19:05]} 20. Bc5 {[%clk 0:47:34]} d4 {[%clk 1:09:23]} 21. Bxe7
{[%clk 0:28:47]} Qxe7 {[%clk 1:06:33]} 22. Rxc8+ {[%clk 0:29:11]} Rxc8
{[%clk 1:06:56]} 23. Rc1 {[%clk 0:29:36]} Rxc1+ {[%clk 1:06:57]} 24. Qxc1
{[%clk 0:29:58]} h5 {[%clk 1:03:07]} 25. Qc4 {[%clk 0:27:45]} Qd7
{[%clk 0:59:25]} 26. b5 {[%clk 0:27:13]} axb5 {[%clk 0:59:35]} 27. axb5
{[%clk 0:27:16]} Qd8 {[%clk 0:58:41]} 28. h3 {[%clk 0:20:17]} g6 {[%clk 0:58:10]}
29. Kf2 {[%clk 0:19:58]} Kg7 {[%clk 0:55:25]} 30. Kf3 {[%clk 0:20:19]} Qa5
{[%clk 0:54:28]} 31. h4 {[%clk 0:12:32]} Qa1 {[%clk 0:51:30]} 32. Kf2
{[%clk 0:11:15]} Qh1 {[%clk 0:35:39]} 33. Qxd4 {[%clk 0:11:39]} Qxh4+
{[%clk 0:36:02]} 34. Kg1 {[%clk 0:07:12]} g5 {[%clk 0:26:02]} 35. Qe4
{[%clk 0:07:38]} Qxf4 {[%clk 0:19:58]} 36. Qxb7 {[%clk 0:08:03]} Qe3+
{[%clk 0:20:18]} 37. Kf1 {[%clk 0:05:04]} Qxd3+ {[%clk 0:20:44]} 38. Kf2
{[%clk 0:05:27]} Qd4+ {[%clk 0:20:56]} 39. Kf1 {[%clk 0:05:37]} g4
{[%clk 0:19:19]} 40. b6 {[%clk 0:03:08]} h4 {[%clk 0:17:26]} 41. Qe7
{[%clk 0:23:23]} Qd1+ {[%clk 0:23:36]} 42. Kf2 {[%clk 0:23:47]} Qd2+
{[%clk 0:23:53]} 43. Kf1 {[%clk 0:22:14]} g3 {[%clk 0:12:09]} 44. Qf6+
{[%clk 0:22:38]} Kg8 {[%clk 0:12:33]} 45. Qf3 {[%clk 0:23:03]} Qc1+
{[%clk 0:12:52]} 46. Ke2 {[%clk 0:23:29]} Qb2+ {[%clk 0:13:18]} 47. Kd3
{[%clk 0:17:37]} Qxb6 {[%clk 0:11:57]} 48. Qg4+ {[%clk 0:18:03]} Kf8
{[%clk 0:12:18]} 49. Qxh4 {[%clk 0:18:30]} Qb5+ {[%clk 0:12:33]} 50. Ke3
{[%clk 0:18:11]} Qxe5+ {[%clk 0:12:57]} 51. Kf3 {[%clk 0:18:36]} Qc3+
{[%clk 0:13:07]} 52. Ke2 {[%clk 0:18:53]} Qc2+ {[%clk 0:12:46]} 53. Ke3
{[%clk 0:19:21]} Qf2+ {[%clk 0:11:11]} 54. Kd3 {[%clk 0:19:45]} Qf5+
{[%clk 0:11:29]} 55. Ke2 {[%clk 0:18:33]} Qe5+ {[%clk 0:11:55]} 56. Kf3
{[%clk 0:18:57]} Kg7 {[%clk 0:12:16]} 57. Qg4+ {[%clk 0:18:55]} Kh6
{[%clk 0:11:23]} 58. Qb4 {[%clk 0:18:13]} Kg6 {[%clk 0:11:26]} 59. Qf8
{[%clk 0:16:22]} Qc3+ {[%clk 0:09:48]} 60. Kf4 {[%clk 0:14:04]} Qg7
{[%clk 0:09:47]} 61. Qc5 {[%clk 0:08:08]} Qf6+ {[%clk 0:09:10]} 62. Kg4
{[%clk 0:08:34]} Qf5+ {[%clk 0:05:29]} 63. Qxf5+ {[%clk 0:08:57]} exf5+
{[%clk 0:05:57]} 64. Kxg3 {[%clk 0:09:20]} Kg5 {[%clk 0:06:13]} 65. Kf3
{[%clk 0:09:45]} f4 {[%clk 0:06:05]} 66. Ke4 {[%clk 0:10:06]} Kg4
{[%clk 0:04:46]} 67. Ke5 {[%clk 0:10:12]} Kg5 {[%clk 0:02:52]} 68. Ke4
{[%clk 0:10:36]} f6 {[%clk 0:02:19]} 69. Kd5 {[%clk 0:11:04]} Kf5
{[%clk 0:01:48]} 70. Kd6 {[%clk 0:10:41]} Kg4 {[%clk 0:00:55]} 71. Ke6
{[%clk 0:11:06]} Kg5 {[%clk 0:01:14]} 72. Kd5 {[%clk 0:11:30]} Kg4
{[%clk 0:00:45]} 73. Ke6 {[%clk 0:11:55]} Kg3 {[%clk 0:00:49]} 74. Kf5
{[%clk 0:12:19]} f3 {[%clk 0:01:04]} 75. gxf3 {[%clk 0:12:48]} Kxf3
{[%clk 0:01:30]} 76. Kxf6  1/2-1/2

[Event "Summer Prague Open 2022 - A"]
[Site "Olympik hotel, Sokolovska 138, Praha"]
[Date "2022.08.11"]
[Round "8"]
[Board "3"]
[White "Zanan, Evgeny"]
[Black "Neuman, Petr"]
[Result "1/2-1/2"]
[WhiteElo "2510"]
[BlackElo "2393"]
[PlyCount "0"]
[EventDate "2022.08.05"]
[EventRounds "9"]
[EventCountry "CZE"]

1. d4 {[%clk 1:29:02]} d5 {[%clk 1:30:50]} 2. c4 {[%clk 1:29:21]} c6
{[%clk 1:31:14]} 3. Nf3 {[%clk 1:29:44]} Nf6 {[%clk 1:31:37]} 4. g3
{[%clk 1:29:28]} g6 {[%clk 1:31:58]} 5. Qa4 {[%clk 1:28:28]} Bg7 {[%clk 1:31:55]}
6. cxd5 {[%clk 1:28:45]} O-O {[%clk 1:32:20]} 7. Bg2 {[%clk 1:25:06]} cxd5
{[%clk 1:27:11]} 8. Ne5 {[%clk 1:25:27]} Ne4 {[%clk 1:26:56]} 9. Nc3
{[%clk 1:22:09]} Nxc3 {[%clk 1:09:42]} 10. bxc3 {[%clk 1:19:44]} Nd7
{[%clk 1:09:51]} 11. Nxd7 {[%clk 1:08:18]} Bxd7 {[%clk 1:10:16]} 12. Qb3
{[%clk 1:08:31]} Bc6 {[%clk 1:10:41]} 13. O-O {[%clk 1:08:56]} Qd7
{[%clk 1:10:30]} 14. Ba3 {[%clk 1:08:02]} Rfc8 {[%clk 1:10:21]} 15. e3
{[%clk 1:07:54]} e6 {[%clk 1:09:55]} 16. Rab1 {[%clk 1:07:48]} Rc7
{[%clk 1:09:46]} 17. Rfc1 {[%clk 1:01:21]}  1/2-1/2

[Event "Summer Prague Open 2022 - A"]
[Site "Olympik hotel, Sokolovska 138, Praha"]
[Date "2022.08.11"]
[Round "8"]
[Board "4"]
[White "Roubalik, Jakub"]
[Black "Lalic, Bogdan"]
[Result "1/2-1/2"]
[WhiteElo "2367"]
[BlackElo "2415"]
[PlyCount "0"]
[EventDate "2022.08.05"]
[EventRounds "9"]
[EventCountry "CZE"]

1. d4 {[%clk 1:30:57]} Nf6 {[%clk 1:27:34]} 2. Bg5 {[%clk 1:31:14]} c5
{[%clk 1:27:56]} 3. d5 {[%clk 1:31:26]} Ne4 {[%clk 1:28:15]} 4. Bf4
{[%clk 1:31:32]} Qb6 {[%clk 1:28:24]} 5. Nd2 {[%clk 1:30:50]} Qxb2
{[%clk 1:26:37]} 6. Nxe4 {[%clk 1:29:42]} Qb4+ {[%clk 1:27:01]} 7. c3
{[%clk 1:28:58]} Qxe4 {[%clk 1:27:24]} 8. e3 {[%clk 1:28:40]} g5 {[%clk 1:26:24]}
9. Bg3 {[%clk 1:27:48]} Bg7 {[%clk 1:26:36]} 10. Rc1 {[%clk 1:27:10]} d6
{[%clk 1:21:48]} 11. Nf3 {[%clk 1:24:26]} Qg6 {[%clk 1:19:48]} 12. Bd3
{[%clk 1:18:28]} f5 {[%clk 1:15:22]} 13. h4 {[%clk 1:11:34]} h6 {[%clk 1:15:32]}
14. Qc2 {[%clk 0:49:53]} O-O  1/2-1/2